000 00599nam a22001937a 4500
003 MPLRDC
005 20220104165725.0
008 210129b ||||| |||| 00| 0 eng d
020 _a978-0-88080-006-8
082 _a785.28 JEF-4
100 _aANDREW M. ALLISON, W. CLEON SKOUSEN, M. RICHARD MAXFIELD
245 _aTHE REAL THOMAS JEFFERSON
_c
250 _a7TH ED
260 _aU.S.A.
_bNATIONAL CENTER FOR CONSTITUTIONAL STUDIES
_c2009
300 _b709
490 _aVOL. 1 OF THE AMERICAN CLASSIC SERIES
650 _aBIOGRAPHIES OF AMERICAN--THOMAS JEFFERSON
942 _cBK
_o785.28 JEF-4
999 _c57581
_d57571